Cleaner productioin assessment in fish processing (Record no. 681779)

MARC details
000 -LEADER
fixed length control field 00908nam a2200289Ia 4500
003 - CONTROL NUMBER IDENTIFIER
control field OSt
005 - DATE AND TIME OF LATEST TRANSACTION
control field 20220927103208.0
008 - FIXED-LENGTH DATA ELEMENTS--GENERAL INFORMATION
fixed length control field 220926b |||||||| |||| 00| 0 eng d
020 ## - INTERNATIONAL STANDARD BOOK NUMBER
International Standard Book Number 9280718436
037 ## - SOURCE OF ACQUISITION
Terms of availability Reference Collections
040 ## - CATALOGING SOURCE
Original cataloging agency RTL
Transcribing agency RTL
Language of cataloging eng
041 ## - LANGUAGE CODE
Source of code eng
Language code of text/sound track or separate title eng
110 ## - MAIN ENTRY--CORPORATE NAME
Corporate name or jurisdiction name as entry element "United Nations, Environment Programme"
9 (RLIN) 352081
245 #0 - TITLE STATEMENT
Title Cleaner productioin assessment in fish processing
260 ## - PUBLICATION, DISTRIBUTION, ETC.
Place of publication, distribution, etc. New
Name of publisher, distributor, etc. York United Nations USA
Date of publication, distribution, etc. 2000
300 ## - PHYSICAL DESCRIPTION
Extent 99p
Dimensions cm.
490 ## - SERIES STATEMENT
Series statement "Danish Environmental Protection Agency, Publication"
650 ## - SUBJECT ADDED ENTRY--TOPICAL TERM
Topical term or geographic name entry element Fisheries
9 (RLIN) 355090
650 ## - SUBJECT ADDED ENTRY--TOPICAL TERM
Topical term or geographic name entry element Industrial Economics
9 (RLIN) 355091
700 ## - ADDED ENTRY--PERSONAL NAME
Personal name "United Nations, Environment Programme"
9 (RLIN) 352083
942 ## - ADDED ENTRY ELEMENTS (KOHA)
Classification part "X9(KZ332):2, P0/UN"
Koha item type
Holdings
Withdrawn status Lost status Damaged status Not for loan Home library Current library Date acquired Total Checkouts Full call number Barcode Date last seen Price effective from Koha item type
        Ratan Tata Library Ratan Tata Library 2022-09-27   "X9(KZ332):2 P0/UN" RT1116893 2022-09-27 2022-09-27  
Copyright @ Delhi University Library System